=LDR 00000nam 2200000 4500 =001 INLIS000000000007002 =005 20130612095054 =008 ***********************************Ind** =035 ##$$0010-061300000007002 =041 ##$$a Ind =082 ##$$a F Rom D =090 ##$$a F Rom D, Les m =100 ##$$a Lestari, V =245 ##$$a Melanic, V.Lestari =260 ##$$a 1991 $b Jakarta =300 ##$$a 408 hlm, 18 cm =650 ##$$a Fiksi Dewasa